Riconosci il Pokémon - Quiz n°817 - Statistics

Statistiche generali
  • Questo quiz è stato fatto 1 volte
  • Il punteggio medio è 1 su 10
Statistiche sulle risposte
Indizio Riposta % Corretto
Generazione Nona
100%
Tasso di cattura 10 (3.9%)
0%
Altezza 3,5 m
0%
Peso 590,0 kg
0%
Tipo Fuoco / Drago
0%
Tasso di allevamento Lento
0%
Stadio evoluzione Non si evolve
0%
Abilità Paleoattivazione
0%
Sesso Sconosciuto
0%
Pokémon Vampeaguzze
0%
Nessun quiz corrispondente trovato
Distribuzione punteggi
Percentuale di utenti per punteggio
Percentile per numero di risposta
I tuoi punteggi nel tempo
Non hai fatto questo quiz